000 00481nam a2200145 a 4500
008 120416s1984 ||||||||||||||||| || u
050 _aPR 6052.A765V52
100 _aBaylis, Sarah
245 1 0 _aVila: an adventure story
260 _aLondon
_bBrilliance Books
_c1984
300 _avi, 244p.
350 _a0.00
650 _aENGLISH LANGUAGE
995 _D0.00
_FCBU-MAIN LIBRARY (Kitwe)
_H1
_I3.95
_M1
_UAVAILABLE
_ZFiction Collection
999 _c61310
_d61310